000
00325pam a2200133a 44500
008
230405s2012 xxu||||| |||| 00| 0 eng d
041
_a
ENG
100
_a
Dr Salunkhe
245
_a
A Hand book of practical chemistry B.Sc.I
250
_a
1
260
_a
Dhudhali
_b
PHADAKE PRAKASHAN
_c
2012
300
_a
86
906
_a
11172
999
_c
301671
_d
301671